Catálogo

INTERPRETAZIONI ROSMINIANE (Registro nro. 46736)

Detalles MARC
000 -LEADER
fixed length control field 00916nam a2200193 a 4500
001 - CONTROL NUMBER
control field 46736
005 - DATE AND TIME OF LATEST TRANSACTION
control field 20180714030423.0
008 - FIXED-LENGTH DATA ELEMENTS--GENERAL INFORMATION
fixed length control field 140415s1997 it 000 0 ita d
041 ## - LANGUAGE CODE
Language code of text/sound track or separate title ita
082 ## - DEWEY DECIMAL CLASSIFICATION NUMBER
Classification number 195
Item number OPE
100 1# - MAIN ENTRY--PERSONAL NAME
Personal name SCIACCA, MICHELE FEDERICO
245 10 - TITLE STATEMENT
Title INTERPRETAZIONI ROSMINIANE
250 ## - EDITION STATEMENT
Edition statement 1a ed.
260 ## - PUBLICATION, DISTRIBUTION, ETC.
Place of publication, distribution, etc. ITALIA :
Name of publisher, distributor, etc. LEPOS,
Date of publication, distribution, etc. 1997
300 ## - PHYSICAL DESCRIPTION
Extent
Dimensions 14 x 2.5 x 22.5
490 ## - SERIES STATEMENT
Series statement OPERE DI MICHELE FEDERICO SCIACCA
520 ## - SUMMARY, ETC.
Summary, etc. LE PAGINE QUI RACCOLTE, SCRITTE IN VARIE CIRCONSTANZE DAL 1939 AL 1955, SONO TUTTE POSTERIORI AL VOLUME LA FILOSOFIA MORALE DI A. ROSMINI, PUBBLICATO NEL 1938 (V EDIZIONE, 1968), E DI ESSO, IN UN CERTO SENSO, LA CONTINUAZIONE, L´APPROFONDIMENTO E ANCHE, SU ALCUNI PUNTI, LA REVISIONE. I DUE VOLUMINI CONTENGONO QUANTO, IN UN VEMTENNIO CIRCA, SONO ANDATO PENSANDO E SCRIVENDO DIRETTAMENTE SULLA FILOSOFIA DEL ROVERETANO.
650 14 - SUBJECT ADDED ENTRY--TOPICAL TERM
Topical term or geographic name entry element FILOSOFIA
Existencias
Withdrawn status Lost status Source of classification or shelving scheme Damaged status Not for loan Collection code Home library Current library Shelving location Date acquired Source of acquisition Inventory number Total Checkouts Full call number Barcode Date last seen Price effective from Koha item type
    Dewey Decimal Classification     General Biblioteca Karol Wojtyla Biblioteca Karol Wojtyla Sala general 03/12/2013 Compra 151000000000000000062442   195 OPE 70099 05/01/2026 03/12/2013 Libro